| 000 | 03129nam a22003617i 4500 | ||
|---|---|---|---|
| 001 | 193579 | ||
| 003 | ES-MaACL | ||
| 005 | 20250711063121.0 | ||
| 007 | ta | ||
| 008 | 240116b2022 sp ||||| |||| 00| 0 spa d | ||
| 020 | _a9798419818644 | ||
| 040 |
_bspa _cES-MaACL |
||
| 080 | _a929 Bermúdez Cancine, Maristela | ||
| 100 | 1 |
_aBermúdez Cancine, Maristela, _d1959- _eaut _9234886 |
|
| 245 | 1 | 3 |
_aLa oración científica, un camino espiritual : _bmi historia / _cMaristela Bermúdez Cancine |
| 260 |
_a[Caracas : _bM. Bermúdez Cancine], _c2022 _e(Polonia : _fAmazon Fulfillment) |
||
| 300 |
_a98 páginas ; _c23 cm |
||
| 336 |
_2rdacontent _aTexto |
||
| 337 |
_2rdamedia _asin mediación |
||
| 338 |
_2rdacarrier _avolumen |
||
| 500 | _aEn cub.: Best seller. Libro inteligente | ||
| 500 | _aÍndice | ||
| 520 | _aEs la biografía de vida desde mi infancia hasta hoy, donde me formé y estudié desde la ciencia, como ingeniera mecánico y luego me fui a la oración, con actividades espirituales y de meditación, en los año 80 del siglo pasado; ser racional y espiritual a la vez, con mis conocimientos de astrología y meditación, así como, estudios psicológicos que me permitieron transformarme del Patito Feo al Cisne. Mi libro habla de mi experiencia por más de 40 años, como viacrucis de dificultades: la muerte por asesinato de mi padre, que me llevó a la pobreza y como surgí con el apoyo de amigos y profesores que me ayudaron a estudiar para convertirme en una ingeniera mecánica en 1981,con el pasar del tiempo, ahora soy asesora y mentoring profesional y espiritual. Explico como a lo largo de mi vida estudié astrología, equilibrio de los chacras, meditaciones para la esencia de la vida y me preparé para ayudar a la humanidad a encontrar su misión de vida y propósitos tanto terrenales como espirituales, mediante la evaluación de cartas astrales, asesorías personales y consultas de coach para superación personal. Mi pasión por el conocimiento me ha llevado a tener 3 libros escritos: un cuento en el año 2001: Glóbulo Tercero y la Salvación de la Tierra, un libro de Autoayuda: Mantenimiento de La Vida y un Artículo de la física: la Ecuación de la Conciencia, mediante la integración por el método matemático de integrales triples a la ecuación de la energía de Einstein e interpretando a la filosofía de Pitágoras que decía como los seres humanos somos un ser triuno como Dios, viviendo en un espacio tridimensional y también en un tiempo tridimensional. | ||
| 600 | 1 | 0 |
_aBermúdez Cancine, Maristela, _d1959- _9234886 |
| 852 |
_aES-MaACL _bR. 154932 _cDEPOJ _jN-9587 _gDedicatoria autógrafa de la autora _hDonación: Maristela Bermúdez Cancine _9201042 _xEncuadernación rústica |
||
| 903 |
_aBermúdez Cancine, Maristela, _d1959- _ednr _9234886 |
||
| 942 |
_n0 _cMONOGRAFIA |
||
| 999 |
_c193579 _d193579 |
||